000 00601nam a2200265Ia 4500
001 3742
003 7538
005 20250326064859.0
008 ||||||n9999 ||| || ||
041 _aspa
082 _219
_a332
100 _aBagu, Sergio
_92136
245 0 _aFeudalismo, capitalismo, subdesarrollo
260 _aBogotá :
_bUNITO,
_c1971.
300 _a164p
562 _e2
650 0 _aCapitalismo
_92063
650 _aCOLOMBIA
_96927
650 0 _aFeudalismo
_94349
650 0 _aSubdesarrollo
_92611
942 _cBKM
999 _c3742
_d3742
526 _a4969
526 _a51868
526 _a1697